| 000 | 00942cam a2200217 4500 | ||
|---|---|---|---|
| 001 | X113226 | ||
| 008 | 000000n2001 000 0 eng u | ||
| 035 | _a(Sirsi) u113226 | ||
| 100 | _aDyer, C. | ||
| 245 | _aContractor safety, Dutch-style | ||
| 260 | _c2001 | ||
| 490 |
_aHealth and Safety Bulletin _vJune 2001, 19-20(2) |
||
| 520 | _aAdvocates the adoption within the UK of safety schemes similar those in use in the Netherlands, whereby contractors use a handbook of standardised procedures and instructions, including the safety checklist for contractors "Veiligheids Checklist Aannemers" (VCA), formulate a sound health and safety policy which can be given one of two levels of certification. | ||
| 650 | _aCERTIFICATION | ||
| 650 | _aCHECKLISTS | ||
| 650 | _aCONSTRUCTION INDUSTRY | ||
| 650 | _aCONTRACTORS | ||
| 650 | _aHEALTH AND SAFETY MANAGEMENT SYSTEMS | ||
| 690 | _aBUILT ENVIRONMENT-BUILDING STANDARDS | ||
| 942 | _n0 | ||
| 999 |
_c67435 _d67435 |
||